|
|
|
|
| LEADER |
00000nas a2200000 4500 |
| 001 |
ssj0012147 |
| 003 |
WaSeSS |
| 005 |
20200512172242.0 |
| 006 |
m d |
| 007 |
cr n |
| 008 |
751223c19749999ilumr p s 0 a0eng |
| 010 |
|
|
|a 74648553
|
| 016 |
7 |
|
|a 9878792
|2 DNLM
|
| 016 |
7 |
|
|a P44870000
|2 DNLM
|
| 016 |
7 |
|
|a 012755304
|2 Uk
|
| 022 |
|
|
|l 0099-0027
|y 0099-0027
|
| 030 |
|
|
|a PRSAD5
|
| 032 |
|
|
|a 283800
|b USPS
|
| 035 |
|
|
|a (WaSeSS)ssj0012147
|
| 037 |
|
|
|b ASSE, 1800 E. Oakton St., Des Plaines, IL 60018-2187
|
| 040 |
|
|
|a DLC
|b eng
|c DLC
|d NSD
|d DLC
|d RCS
|d AIP
|d NST
|d AIP
|d OCL
|d NSD
|d NST
|d OCL
|d NST
|d NLM
|d NST
|d OCLCQ
|d DLC
|d OCLCQ
|d UKMGB
|d OCLCO
|d OCLCF
|d OCLCO
|d DLC
|d MYG
|d GILDS
|d OCLCO
|d OCLCQ
|d CUI
|d RDF
|d WaSeSS
|
| 042 |
|
|
|a pcc
|a nsdp
|
| 050 |
0 |
0 |
|a T55.A1
|b A418a
|
| 082 |
0 |
4 |
|a 620.8/6/05
|
| 210 |
0 |
|
|a Prof. saf.
|
| 222 |
|
0 |
|a Professional safety
|
| 245 |
0 |
0 |
|a Professional safety
|h [electronic resource].
|
| 260 |
|
|
|a [Des Plaines, IL, etc.]
|b American Society of Safety Engineers.
|
| 310 |
|
|
|a Monthly
|
| 362 |
0 |
|
|a v. 19, no. 10- Oct. 1974-
|
| 506 |
|
|
|a License restrictions may limit access.
|
| 550 |
|
|
|a "Official journal of the American Society of Safety Engineers."
|
| 580 |
|
|
|a Continues: American Society of Safety Engineers. ASSE journal.
|
| 650 |
|
0 |
|a Industrial safety
|v Periodicals.
|
| 650 |
|
7 |
|a Industrial safety.
|2 fast
|0 (OCoLC)fst00971664
|
| 655 |
|
0 |
|a Electronic journals.
|
| 710 |
2 |
|
|a American Society of Safety Engineers.
|
| 780 |
1 |
0 |
|a American Society of Safety Engineers.
|t ASSE journal
|w (DLC) 73644572
|w (OCoLC)1787469
|
| 850 |
|
|
|a AU
|a AzTeS
|a CaAEU
|a CaOONM
|a CaOTDT
|a CoU
|a CtU
|a DLC
|a InLP
|a MiD
|a MiDW
|a MoKL
|a NcRS
|a NdU
|a OkU
|a TxLT
|a ViBlbV
|
| 856 |
4 |
0 |
|z Full text available from Research Library: 12/01/1987 to present
|u https://search.proquest.com/publication/47267
|